00388nam a22001457a 4500003000400000005001700004008004100021020001500062040000900077082001500086100001700101245007000118260004000188300001400228OSt20210427122118.0210427b ||||| |||| 00| 0 eng d a019563053X coclc a424bINT/E aInthira, S R aEnrich Your English : Communication Skills Workbook/cS R Inthira aNew Delhi:bOxford University Press a489 pages